000 00984nam a22003137a 4500
001 BR8003312
003 BR-BrBNA
005 20230928090622.0
007 ta
008 230509b bl.||||| |||| 00| 0 por d
040 _aBR-BrBNA
_bpor
_cBiblioteca Nacional de Agricultura
041 _a(Por)
072 _aP12; F22
090 _ P12 BR8003312
100 1 _aPinto, D.S.
110 1 _aUniversidade Federal de Vicosa, MG (Brasil)
_0Tese (Magister Scientiae)
245 1 _aEfeito da vazao e da declividade sobre as perdas de agua e sobre a eficiencia da aplicacao na irrigacao por sulco
260 3 _aVicosa, MG (Brasil):
_c1980.
300 _a84 p.
500 _a20 illus.; 6 tables; Bibliography p. 67-73 (64 ref.); Summary (Por)
650 _aIrrigacao
650 _aFisica do solo
650 _aIrrigacao por sulco
650 _aHidraulica agricola
650 _aUmidade do solo
650 _aInfiltracao
909 _a202309
_bLucia
_c55
_dLucia Elande
942 _cBK
999 _c29665
_d29665